Le italiane si confessano /

I tiakina i:
Ngā taipitopito rārangi puna kōrero
Kaituhi matua: Parca, Gabriella
Ētahi atu kaituhi: Pasolini, Pier Paolo, Zavattini, Cesare
Hōputu: Pukapuka
Reo:Itāriana
I whakaputaina: Milano : Feltrinelli, 1964
Ngā Tūtohu: Tāpirihia he Tūtohu
Kāore He Tūtohu, Me noho koe te mea tuatahi ki te tūtohu i tēnei pūkete!

MARC

LEADER 00000nam a22000007i 4500
001 IT\ICCU\RCA\0778783
003 ItRI
005 20250910144648.0
008 160601s1964 it |||||| ||||| |||||c
040 |b ita  |c ct 
041 7 |a ita  |2 ISO-639-2 
100 1 |a Parca, Gabriella  |0 IT\ICCU\CFIV\038581 
240 1 3 |a Le italiane si confessano  |9 Parca, Gabriella 
245 1 3 |a Le italiane si confessano /  |c a cura di Gabriella Parca ; presentazione Pier Paolo Pasolini ; prefazione di cesare Zavattini. 
260 |a Milano :  |b Feltrinelli,  |c 1964 
300 |a 276 p. ;  |c 18 cm. 
700 1 |a Pasolini, Pier Paolo  |0 IT\ICCU\CFIV\001068 
700 1 |a Zavattini, Cesare  |0 IT\ICCU\CFIV\005100 
942 |2 ddc  |c BK 
952 |0 0  |1 0  |2 ddc  |4 0  |6 B_SSR03PARGAITA11  |7 0  |9 5695  |a MI  |b MI  |d 1987-07-22  |i 409  |l 0  |o B-SSR03-PARGA-ITA11  |p CDOM409  |r 2025-07-13 16:28:00  |w 2025-07-13  |x ACQUISTO  |y BK 
999 |c 4539  |d 4539